Young men look at military service; a preliminary report

Na minha lista:
Detalhes bibliográficos
Autor principal: Johnston, Jerome
Outros Autores: Bachman, Jerald G. (joint author.)
Formato: Livro
Idioma:English
Publicado em: Ann Arbor, Survey Research Center, University of Michigan [1970]
Colecção:Youth in transition ; no. 193
Assuntos:
LEADER 01054nam a2200277 4500
001 c000136016
003 CARM
005 00000000000000.0
008 701123s1970 miua b 00010 eng
019 1 |a 115040  |5 LACONCORD2021 
035 |a (OCoLC)102385  |5 LACONCORD2021 
043 |a n-us--- 
050 0 0 |a UB343  |b .J65 
082 0 0 |a 355.2/23/0973 
100 1 |a Johnston, Jerome. 
245 1 0 |a Young men look at military service;  |b a preliminary report  |c [by] Jerome Johnston [and] Jerald G. Bachman. 
260 |a Ann Arbor,  |b Survey Research Center, University of Michigan  |c [1970] 
300 |a iii, 115 p.  |b illus.  |c 28 cm. 
440 0 |a Youth in transition ;  |v no. 193 
500 |a Cover title. 
504 |a Bibliography: p. 115. 
650 0 |a Draft  |z United States. 
700 1 |a Bachman, Jerald G.  |e joint author. 
852 8 |b CARM  |h A2:AF35D0  |i D01166  |p 0073512  |f BK 
999 f f |i 52ceafd6-418a-5699-a821-916479557993  |s dcf36310-5ef3-524d-b685-d69e0b302660 
952 f f |p Can circulate  |a CAVAL  |b CAVAL  |c CAVAL  |d CARM 1 Store  |e D01166  |f A2:AF35D0  |h Other scheme  |i book  |m 0073512